000 00269nam a22001217a 4500
008 160521b xxu||||| |||| 00| 0 eng d
020 _a9780805366242
020 _a0805366245
041 _aeng
080 _a579
245 _aBiology:
_cCampbell Reece;
942 _2udc
_cBK
999 _c2343
_d2343